000 00898nas a2200301 4500
001 BR2015001805
003 BR-BrBNA
005 20231205125157.0
007 ta
008 230509b bl.|||p| |||| 00| 00por d
040 _aBR-BrBNA
_bpor
_cBiblioteca Nacional de Agricultura
041 _a(Pt)
072 _aQ52; Q54
100 1 _aQueiroz, M.A.A.
100 1 _aSilva, J.G. da
100 1 _aGalati, L.R.
100 1 _aOliveira, A. de F.M. de
245 1 _aCaracterísticas fermentativas e bromatológicas de silagens de cana-de-açucar com taboa
650 _aCANA DE AÇUCAR
650 _aSILAGEM
650 _aBROMATOLOGIA
650 _aFERMENTAÇÃO
650 _aTÁBOA
650 _aTYPHA DOMINGENSIS
773 0 _tCiência Rural (Brazil)
_xISSN 0103-8478
_g(Jan 2015), v. 45(1) p. 136-141
_wBR2015001805
909 _a202311
_bLúcia
_c55
_dLúcia Elande
942 _2AGRIS
_n0
_cANA
999 _c243048
_d243048